000 00592nam a2200229Ia 4500
003 OSt
005 20220928144803.0
006 a|||||r|||| 00| 0
007 ta
008 220927b |||||||| |||| 00| 0 eng d
024 _a76156
037 _cTextual
040 _aSDCL
_cSDCL
_beng
041 _2eng
_aeng
082 _aB335:1, K7
100 _aDavis Philip J
_9371200
245 0 _aNumerical integration.
260 _c1967
700 _a Rabinowitz Philip
_9509735
942 _hB335:1, K7
_cTEXL
_2CC
999 _c829718
_d829718